[Event "Oberliga Ost-B 2122"]
[Site "Germany"]
[Date "2022.04.30"]
[Round "2.4"]
[White "Liebold, Aaron"]
[Black "Rempel, Patrick"]
[Result "1/2-1/2"]
[WhiteElo "1976"]
[BlackElo "2063"]
[PlyCount "53"]
[EventDate "2021.10.10"]
[EventType "team-tourn"]
[EventRounds "11"]
[EventCountry "GER"]
[SourceTitle "EXT 2023"]
[Source "ChessBase"]
[SourceDate "2022.10.05"]
[SourceVersion "1"]
[SourceVersionDate "2022.10.05"]
[SourceQuality "1"]
[WhiteTeam "Gera"]
[BlackTeam "Erfurt Empor"]
[WhiteTeamCountry "GER"]
[BlackTeamCountry "GER"]

1. e4 e5 2. Nf3 Nc6 3. Bc4 Bc5 4. c3 Nf6 5. d4 exd4 6. 0-0 d5 7. exd5 Nxd5 8. cxd4 Be7 9. Bxd5 Qxd5 10. Nc3 Qd8 11. d5 Nb8 12. Bf4 0-0 13. Qb3 Na6 14. Rac1 Bd6 15. Qc4 Bf5 16. Rfe1 Nc5 17. Bxd6 cxd6 18. Re3 Rc8 19. Qb5 a6 20. Qe2 Na4 21. Nd4 Bg6 22. Nb3 Nb6 23. Re1 Qg5 24. Rg3 Qf5 25. Rf3 Qh5 26. Re3 Qg5 27. Rg3 1/2-1/2

[Event "GER-chT U16"]
[Site "Willingen"]
[Date "2021.06.24"]
[Round "2.4"]
[White "Weishaeutel, Moritz"]
[Black "Liebold, Aaron"]
[Result "1-0"]
[WhiteElo "2207"]
[BlackElo "1995"]
[PlyCount "153"]
[EventDate "2021.06.23"]
[EventType "team-swiss"]
[EventRounds "7"]
[EventCountry "GER"]
[SourceTitle "CBM 203 Extra"]
[Source "ChessBase"]
[SourceDate "2021.09.30"]
[SourceVersion "1"]
[SourceVersionDate "2021.09.30"]
[SourceQuality "1"]
[WhiteTeam "Erfurt SK"]
[BlackTeam "Gera"]
[WhiteTeamCountry "GER"]
[BlackTeamCountry "GER"]

1. d4 Nf6 2. Bg5 d5 3. Bxf6 gxf6 4. e3 b6 5. Bd3 e6 6. c3 Bd6 7. Nf3 Nd7 8. Nbd2 f5 9. Qe2 Bb7 10. Ba6 Bxa6 11. Qxa6 Qc8 12. Qa4 Qb7 13. c4 dxc4 14. Nxc4 b5 15. Qb3 Qc6 16. Nxd6+ cxd6 17. d5 Qc4 18. Nd4 Nc5 19. Qxb5+ Qxb5 20. Nxb5 Rb8 21. Nxa7 Rxb2 22. 0-0 Kd7 23. Nc6 Ra8 24. a3 Rb3 25. g3 Raxa3 26. Rxa3 Rxa3 27. Rb1 Nb3 28. Rb2 e5 29. Kg2 Na5 30. Rb4 Nxc6 31. dxc6+ Kxc6 32. Rh4 Kd5 33. Rxh7 Ke6 34. Rh8 d5 35. h4 Kf6 36. Rg8 Ra4 37. h5 Rg4 38. Rd8 Rg5 39. h6 Rh5 40. Rd6+ Ke7 41. Rxd5 f6 42. f4 exf4 43. exf4 Ke6 44. g4 Rxh6 45. Rxf5 Rh4 46. Kg3 Rh1 47. Ra5 Rg1+ 48. Kf3 Rf1+ 49. Ke3 Rg1 50. Ra6+ Kf7 51. Kf3 Rf1+ 52. Ke4 Rb1 53. Ra7+ Kg6 54. f5+ Kh6 55. Rf7 Rb4+ 56. Kf3 Rb6 57. Ke4 Rb4+ 58. Kd5 Rxg4 59. Ke6 Ra4 60. Rxf6+ Kg7 61. Rf7+ Kg8 62. Rd7 Ra6+ 63. Ke5 Ra5+ 64. Kf6 Ra6+ 65. Kg5 Ra1 66. Kg6 Kf8 67. Rf7+ Kg8 68. Rb7 Rg1+ 69. Kf6 Re1 70. Rb8+ Kh7 71. Kf7 Rf1 72. f6 Ra1 73. Ke8 Re1+ 74. Kf8 Ra1 75. f7 Re1 76. Rb2 Rh1 77. Re2 1-0

[Event "GER-chT U16"]
[Site "Magdeburg"]
[Date "2019.12.29"]
[Round "6.8"]
[White "Brockhoff, Moritz"]
[Black "Liebold, Aaron"]
[Result "1/2-1/2"]
[WhiteElo "2014"]
[BlackElo "2001"]
[PlyCount "60"]
[EventDate "2019.12.27"]
[EventType "team-swiss"]
[EventRounds "7"]
[EventCountry "GER"]
[SourceTitle "CBM 194 Extra"]
[Source "ChessBase"]
[SourceDate "2020.03.31"]
[SourceVersion "1"]
[SourceVersionDate "2020.03.31"]
[SourceQuality "1"]
[WhiteTeam "Paderborn Blauer Springer"]
[BlackTeam "Gera"]
[WhiteTeamCountry "GER"]
[BlackTeamCountry "GER"]

1. e4 c5 2. b4 cxb4 3. a3 e5 4. axb4 Nf6 5. Bb2 d6 6. Nc3 Be6 7. Bb5+ Nc6 8. d4 exd4 9. Qxd4 Be7 10. Rxa7 0-0 11. Bxc6 bxc6 12. Nf3 c5 13. Rxa8 Qxa8 14. bxc5 dxc5 15. Qe3 Rb8 16. Bc1 Rb4 17. Nd2 Qa6 18. f3 h6 19. Kf2 Bd8 20. Qd3 Qa8 21. Nf1 c4 22. Qd6 Rb6 23. Qd1 Ra6 24. Be3 Ra1 25. Qd4 Nd7 26. Ng3 Bf6 27. Qd2 Rxh1 28. Nxh1 Qa1 29. Nd1 c3 30. Qc1 Qa2 1/2-1/2

[Event "GER-chT U16"]
[Site "Magdeburg"]
[Date "2019.12.29"]
[Round "5.8"]
[White "Gubariev, Jakob"]
[Black "Liebold, Aaron"]
[Result "1-0"]
[WhiteElo "1896"]
[BlackElo "2001"]
[PlyCount "139"]
[EventDate "2019.12.27"]
[EventType "team-swiss"]
[EventRounds "7"]
[EventCountry "GER"]
[SourceTitle "CBM 194 Extra"]
[Source "ChessBase"]
[SourceDate "2020.03.31"]
[SourceVersion "1"]
[SourceVersionDate "2020.03.31"]
[SourceQuality "1"]
[WhiteTeam "Augsburg"]
[BlackTeam "Gera"]
[WhiteTeamCountry "GER"]
[BlackTeamCountry "GER"]

1. e4 c5 2. Nf3 d6 3. d4 cxd4 4. Nxd4 Nf6 5. Nc3 a6 6. f3 e5 7. Nb3 Be6 8. Be3 Be7 9. Qd2 0-0 10. Nd5 Bxd5 11. exd5 Nbd7 12. Na5 Qc7 13. Be2 Bd8 14. b4 b5 15. a4 Nb6 16. Bxb6 Qxb6 17. Nc6 Rc8 18. axb5 axb5 19. c4 bxc4 20. Bxc4 Rxc6 21. dxc6 Qxc6 22. Rc1 Qb6 23. Ke2 e4 24. Rhd1 exf3+ 25. gxf3 Re8+ 26. Kf1 Qb7 27. Bd5 Qb5+ 28. Bc4 Qf5 29. Qf2 d5 30. Bd3 Qh3+ 31. Qg2 Qh4 32. b5 Ba5 33. Qg3 Qh6 34. Rc6 Nh5 35. Qg4 g6 36. b6 Nf4 37. Qg3 Nxd3 38. Rxd3 Re1+ 39. Qxe1 Qh3+ 40. Ke2 Bxe1 41. b7 Qxh2+ 42. Kxe1 Qe5+ 43. Kd1 Qa1+ 44. Rc1 Qa4+ 45. Rc2 Qb5 46. Rc8+ Kg7 47. b8Q Qxd3+ 48. Kc1 Qf1+ 49. Kb2 Qf2+ 50. Rc2 Qxf3 51. Qe5+ Qf6 52. Re2 Qxe5+ 53. Rxe5 f5 54. Kc3 Kf6 55. Rxd5 Kg5 56. Kd3 Kg4 57. Ke2 h5 58. Kf2 g5 59. Kg2 Kf4 60. Rd4+ Ke3 61. Ra4 h4 62. Kh3 Kf3 63. Ra3+ Kf4 64. Ra8 Ke5 65. Ra6 g4+ 66. Kxh4 Kf4 67. Ra3 Ke5 68. Ra4 Kf6 69. Kg3 Kg5 70. Ra5 1-0

[Event "GER-chT U16"]
[Site "Magdeburg"]
[Date "2019.12.28"]
[Round "3.9"]
[White "Kosev, Momchil"]
[Black "Liebold, Aaron"]
[Result "1/2-1/2"]
[WhiteElo "1814"]
[BlackElo "2001"]
[PlyCount "46"]
[EventDate "2019.12.27"]
[EventType "team-swiss"]
[EventRounds "7"]
[EventCountry "GER"]
[SourceTitle "CBM 194 Extra"]
[Source "ChessBase"]
[SourceDate "2020.03.31"]
[SourceVersion "1"]
[SourceVersionDate "2020.03.31"]
[SourceQuality "1"]
[WhiteTeam "Erfurt SK"]
[BlackTeam "Gera"]
[WhiteTeamCountry "GER"]
[BlackTeamCountry "GER"]

1. d4 Nf6 2. Nf3 e6 3. g3 b6 4. Bg2 Bb7 5. 0-0 Be7 6. c4 0-0 7. Nc3 Ne4 8. Qc2 Nxc3 9. Qxc3 f5 10. Rd1 Bf6 11. Be3 d6 12. Qa3 Qe7 13. c5 Nc6 14. Rac1 d5 15. Qd3 Rfc8 16. a3 a5 17. b3 Ba6 18. Qd2 b5 19. Bf4 b4 20. a4 h6 21. h4 Rf8 22. Qe3 Rae8 23. Rc2 Rf7 1/2-1/2

[Event "Arber op 8th"]
[Site "Bodenmais"]
[Date "2019.08.02"]
[Round "7"]
[White "Gruettner, Ralf"]
[Black "Liebold, Aaron"]
[Result "1-0"]
[WhiteElo "2118"]
[BlackElo "1944"]
[PlyCount "115"]
[EventDate "2019.07.27"]
[EventType "swiss"]
[EventRounds "9"]
[EventCountry "GER"]
[SourceTitle "CBM 191 Extra"]
[Source "ChessBase"]
[SourceDate "2019.09.30"]
[SourceVersion "1"]
[SourceVersionDate "2019.09.30"]
[SourceQuality "1"]

1. d4 Nf6 2. c4 e6 3. Nc3 Bb4 4. Qc2 d5 5. cxd5 exd5 6. Bg5 0-0 7. a3 Be7 8. e3 h6 9. Bf4 c6 10. h3 Bd6 11. Bxd6 Qxd6 12. Bd3 b6 13. Nf3 Ba6 14. 0-0 Bxd3 15. Qxd3 Nbd7 16. Rfd1 Rfe8 17. Nd2 Rac8 18. Rac1 Qe7 19. Rc2 Nf8 20. Rdc1 Ne6 21. Nf3 Red8 22. b4 c5 23. dxc5 bxc5 24. bxc5 Rxc5 25. Ne2 Rdc8 26. Nfd4 Nxd4 27. Nxd4 Rxc2 28. Rxc2 Rxc2 29. Nxc2 Qc5 30. Qb3 Ne4 31. f3 Nd6 32. Kf2 Kf8 33. Nd4 Ke7 34. Qb4 Qb6 35. Nf5+ Kd7 36. Nxd6 Qxd6 37. Qb7+ Ke6 38. Qxa7 Qc6 39. Qd4 f6 40. a4 Qc2+ 41. Kg3 g5 42. Qb6+ Kf5 43. a5 h5 44. a6 g4 45. hxg4+ hxg4 46. fxg4+ Kg5 47. Qd4 Qe2 48. Qf4+ Kg6 49. a7 Qe1+ 50. Qf2 Qa5 51. Qf5+ Kg7 52. g5 fxg5 53. Qxg5+ Kh7 54. Qe7+ Kg6 55. Qe8+ Kg5 56. Qg8+ Kf5 57. Qf8+ Kg5 58. a8Q 1-0

[Event "GER-ch U16"]
[Site "Willingen"]
[Date "2019.06.12"]
[Round "6"]
[White "Richter, Nils"]
[Black "Liebold, Aaron"]
[Result "1-0"]
[WhiteElo "2121"]
[BlackElo "1870"]
[PlyCount "43"]
[EventDate "2019.06.08"]
[EventType "swiss"]
[EventRounds "9"]
[EventCountry "GER"]
[SourceTitle "CBM 191 Extra"]
[Source "ChessBase"]
[SourceDate "2019.09.30"]
[SourceVersion "1"]
[SourceVersionDate "2019.09.30"]
[SourceQuality "1"]

1. e4 c5 2. Nf3 d6 3. Bb5+ Bd7 4. Bxd7+ Qxd7 5. c4 Nf6 6. Nc3 g6 7. d4 cxd4 8. Nxd4 Bg7 9. f3 Nc6 10. Be3 0-0 11. 0-0 Rac8 12. b3 Rfe8 13. Qd2 Nxd4 14. Bxd4 Qc6 15. Nb5 Ra8 16. a4 a6 17. Nc3 Rac8 18. Rfd1 Nd7 19. Bxg7 Kxg7 20. Nd5 Qc5+ 21. Kh1 Nb6 22. b4 1-0

[Event "GER-ch U16"]
[Site "Willingen"]
[Date "2019.06.10"]
[Round "3"]
[White "Liebold, Aaron"]
[Black "Kopylov, Daniel"]
[Result "1/2-1/2"]
[WhiteElo "1870"]
[BlackElo "2263"]
[PlyCount "109"]
[EventDate "2019.06.08"]
[EventType "swiss"]
[EventRounds "9"]
[EventCountry "GER"]
[SourceTitle "CBM 191 Extra"]
[Source "ChessBase"]
[SourceDate "2019.09.30"]
[SourceVersion "1"]
[SourceVersionDate "2019.09.30"]
[SourceQuality "1"]

1. e4 c5 2. Nf3 d6 3. d4 cxd4 4. Nxd4 Nf6 5. Nc3 Nc6 6. Bg5 e6 7. Qd2 Nxd4 8. Qxd4 Be7 9. 0-0-0 0-0 10. f4 Qa5 11. Bc4 Bd7 12. e5 dxe5 13. Qxe5 Qb6 14. f5 Rad8 15. fxe6 Bxe6 16. Bxe6 Qxe6 17. Qxe6 fxe6 18. Rde1 Kf7 19. Rhf1 Rd4 20. h3 Bb4 21. Be3 Bxc3 22. bxc3 Ra4 23. Kb2 Rc8 24. Bd4 Ke7 25. Re5 h6 26. Rfe1 Rc6 27. Rb5 b6 28. g4 Ne8 29. Rh5 Kf7 30. Rf1+ Ke7 31. Kb3 Ra5 32. Rxa5 bxa5 33. Re1 g6 34. Re5 a6 35. Rxa5 Nd6 36. Re5 Nc4 37. Rc5 Nd2+ 38. Ka4 Rxc5 39. Bxc5+ Kd7 40. Be3 Ne4 41. Bxh6 Nf2 42. Be3 Nxh3 43. Kb4 e5 44. Kc5 Nf4 45. c4 Kc7 46. a4 a5 47. Kb5 Ng2 48. Bb6+ Kb8 49. c5 e4 50. Kc4 Ne3+ 51. Kd4 Nxg4 52. Kxe4 Nf6+ 53. Kf3 Nd7 54. Bxa5 Nxc5 55. Bb6 1/2-1/2

[Event "GER-chT U14"]
[Site "Magdeburg"]
[Date "2018.12.29"]
[Round "6.1"]
[White "Liebold, Aaron"]
[Black "Kosev, Momchil"]
[Result "1/2-1/2"]
[WhiteElo "1892"]
[BlackElo "1825"]
[PlyCount "74"]
[EventDate "2018.12.27"]
[EventType "team-swiss"]
[EventRounds "7"]
[EventCountry "GER"]
[SourceTitle "CBM 188 Extra"]
[Source "ChessBase"]
[SourceDate "2019.02.26"]
[SourceVersion "1"]
[SourceVersionDate "2019.02.26"]
[SourceQuality "1"]
[WhiteTeam "Gera"]
[BlackTeam "Erfurt SK"]
[WhiteTeamCountry "GER"]
[BlackTeamCountry "GER"]

1. e4 c5 2. Nf3 d6 3. d4 cxd4 4. Qxd4 a6 5. c4 Nc6 6. Qd3 g6 7. Nc3 Bg7 8. Be3 Nf6 9. h3 Qa5 10. Rc1 0-0 11. Be2 Ne5 12. Nxe5 dxe5 13. 0-0 Be6 14. Qb1 Rac8 15. b4 Qc7 16. Nd5 Bxd5 17. cxd5 Qb8 18. Rc5 Nd7 19. Rcc1 Nf6 20. Rc5 Nd7 21. Rxc8 Rxc8 22. Bg4 Rc7 23. Rc1 Nf6 24. Rc5 h5 25. Be2 Nd7 26. Rc4 Rxc4 27. Bxc4 Qc7 28. Qc2 Nb6 29. Bb3 Qxc2 30. Bxc2 Nc4 31. Bc1 Kh7 32. Bd3 Nd6 33. f3 Bh6 34. Bxh6 Kxh6 35. a4 Kg5 36. Kf2 f5 37. g3 h4 1/2-1/2

[Event "GER-ch U14"]
[Site "Willingen"]
[Date "2018.05.24"]
[Round "7"]
[White "Liebold, Aaron"]
[Black "Pubantz, Jan"]
[Result "0-1"]
[WhiteElo "1870"]
[BlackElo "2084"]
[PlyCount "69"]
[EventDate "2018.05.19"]
[EventType "swiss"]
[EventRounds "9"]
[EventCountry "GER"]
[SourceTitle "CBM 184 Extra"]
[Source "ChessBase"]
[SourceDate "2018.06.28"]
[SourceVersion "1"]
[SourceVersionDate "2018.06.28"]
[SourceQuality "1"]

1. e4 c5 2. Nf3 d6 3. d4 cxd4 4. Nxd4 Nf6 5. Nc3 Nc6 6. Be2 e5 7. Ndb5 a6 8. Na3 b5 9. Nd5 Nxd5 10. Qxd5 Qc7 11. Be3 Be6 12. Qd2 Rd8 13. c4 d5 14. 0-0 dxc4 15. Qc1 Nd4 16. Bd1 Bc5 17. b3 Qe7 18. Nb1 cxb3 19. axb3 Bxb3 20. Rxa6 Bc4 21. Re1 Qb7 22. Ra1 Ne6 23. Na3 Bxa3 24. Qxa3 Qe7 25. Qxe7+ Kxe7 26. Ra7+ Rd7 27. Rxd7+ Kxd7 28. Bg4 b4 29. Bxe6+ Bxe6 30. Bd2 b3 31. Bc3 f6 32. Rb1 Rc8 33. Bb2 Rc2 34. g3 Bc4 35. Rc1 0-1

[Event "GER-ch U14"]
[Site "Willingen"]
[Date "2018.05.23"]
[Round "6"]
[White "Hinrichs, Paul"]
[Black "Liebold, Aaron"]
[Result "1/2-1/2"]
[WhiteElo "1918"]
[BlackElo "1870"]
[PlyCount "76"]
[EventDate "2018.05.19"]
[EventType "swiss"]
[EventRounds "9"]
[EventCountry "GER"]
[SourceTitle "CBM 184 Extra"]
[Source "ChessBase"]
[SourceDate "2018.06.28"]
[SourceVersion "1"]
[SourceVersionDate "2018.06.28"]
[SourceQuality "1"]

1. d4 Nf6 2. c4 e6 3. Nc3 Bb4 4. e3 0-0 5. Bd3 c5 6. Nf3 d5 7. 0-0 dxc4 8. Bxc4 cxd4 9. exd4 b6 10. Bg5 Bb7 11. a3 Bxc3 12. bxc3 Nbd7 13. Rc1 Qc7 14. Ba2 Ne4 15. Bb1 h6 16. Re1 Ndf6 17. Bxf6 Nxf6 18. Qd3 Rfd8 19. Ne5 Qd6 20. Ba2 Qxa3 21. Ra1 Qd6 22. Nxf7 Kxf7 23. Rxe6 Qxe6 24. Bxe6+ Kxe6 25. Qg6 Rd7 26. Re1+ Kd5 27. Qd3 Rad8 28. Re5+ Kd6 29. Qg3 Kc6 30. Re6+ Rd6 31. Re7 R8d7 32. Qxg7 Rxe7 33. Qxe7 Ne4 34. Qe8+ Kc7 35. c4 Nf6 36. Qe5 Kd7 37. Qf5+ Kc7 38. Qe5 Kd7 1/2-1/2

[Event "GER-ch U14"]
[Site "Willingen"]
[Date "2018.05.20"]
[Round "1"]
[White "Bethke, Richard"]
[Black "Liebold, Aaron"]
[Result "1-0"]
[WhiteElo "2137"]
[BlackElo "1870"]
[PlyCount "91"]
[EventDate "2018.05.19"]
[EventType "swiss"]
[EventRounds "9"]
[EventCountry "GER"]
[SourceTitle "CBM 184 Extra"]
[Source "ChessBase"]
[SourceDate "2018.06.28"]
[SourceVersion "1"]
[SourceVersionDate "2018.06.28"]
[SourceQuality "1"]

1. e4 c5 2. Nf3 d6 3. d4 cxd4 4. Nxd4 Nf6 5. Nc3 a6 6. h3 h5 7. Be3 e6 8. g3 b5 9. a3 Bb7 10. Bg2 Be7 11. 0-0 Qc7 12. f4 Nbd7 13. Nb3 Rd8 14. Qe2 Nc5 15. Nxc5 dxc5 16. e5 Nd5 17. Nxd5 Bxd5 18. Rfd1 h4 19. g4 0-0 20. Bxd5 Rxd5 21. Rxd5 exd5 22. a4 Rb8 23. axb5 axb5 24. Bf2 Qd7 25. Qe1 d4 26. Qe4 Rd8 27. Kg2 c4 28. Rd1 Qa7 29. Rxd4 Rxd4 30. Bxd4 Qa4 31. e6 Qb4 32. exf7+ Kxf7 33. Qd5+ Kf8 34. Bc3 Qa4 35. Qf5+ Kg8 36. Qe6+ Kf8 37. Bxg7+ Kxg7 38. Qxe7+ Kg8 39. Qg5+ Kf8 40. Qf5+ Kg8 41. g5 Qa8+ 42. Kf2 Qh1 43. g6 Qh2+ 44. Kf3 Qg3+ 45. Ke4 Qe1+ 46. Kd5 1-0

[Event "GER-ch U14"]
[Site "Willingen"]
[Date "2018.05.20"]
[Round "2"]
[White "Liebold, Aaron"]
[Black "Kanzow, Alexander"]
[Result "0-1"]
[WhiteElo "1870"]
[BlackElo "1730"]
[PlyCount "112"]
[EventDate "2018.05.19"]
[EventType "swiss"]
[EventRounds "9"]
[EventCountry "GER"]
[SourceTitle "CBM 184 Extra"]
[Source "ChessBase"]
[SourceDate "2018.06.28"]
[SourceVersion "1"]
[SourceVersionDate "2018.06.28"]
[SourceQuality "1"]

1. e4 c5 2. Nf3 Nc6 3. d4 cxd4 4. Nxd4 Nf6 5. Nc3 e5 6. Ndb5 d6 7. Bg5 a6 8. Na3 b5 9. Nd5 Be7 10. Bxf6 Bxf6 11. c3 Bg5 12. Nc2 0-0 13. Be2 Ne7 14. h4 Nxd5 15. Qxd5 Be6 16. Qd3 Bxh4 17. Ne3 Bg5 18. Nd5 Bxd5 19. Qxd5 Qe7 20. 0-0 Rac8 21. a4 Rc5 22. Qd3 f5 23. Rfd1 d5 24. exd5 e4 25. d6 Qe6 26. Qd4 Re5 27. axb5 axb5 28. Ra7 Qf6 29. Bxb5 f4 30. Bc4+ Kh8 31. d7 e3 32. f3 Bh4 33. d8Q Qxd8 34. Qxd8 Bxd8 35. Ra8 e2 36. Raxd8 exd1Q+ 37. Rxd1 g5 38. Rd5 Rxd5 39. Bxd5 Rd8 40. Be4 Rb8 41. b4 Rc8 42. b5 Rxc3 43. b6 Rb3 44. b7 Kg7 45. Kf2 Kf6 46. Ke2 Ke5 47. Kd2 Kd4 48. Kc2 Rb6 49. Kd2 h5 50. Ke2 Rb2+ 51. Kf1 Ke3 52. Kg1 g4 53. Kh2 h4 54. Kg1 g3 55. Kf1 Rd2 56. Ke1 Rxg2 0-1

[Event "Rostock SSC op 16th"]
[Site "Rostock"]
[Date "2017.07.27"]
[Round "3"]
[White "Hammel, Ralf"]
[Black "Liebold, Aaron"]
[Result "1/2-1/2"]
[WhiteElo "2057"]
[BlackElo "1806"]
[PlyCount "33"]
[EventDate "2017.07.26"]
[EventType "swiss"]
[EventRounds "7"]
[EventCountry "GER"]
[SourceTitle "EXT 2018"]
[Source "ChessBase"]
[SourceDate "2017.10.13"]
[SourceVersion "1"]
[SourceVersionDate "2017.10.13"]
[SourceQuality "1"]

1. e4 c5 2. Nf3 d6 3. d4 cxd4 4. Qxd4 Nc6 5. Bb5 Bd7 6. Bxc6 Bxc6 7. c4 Nf6 8. Nc3 g6 9. 0-0 Bg7 10. Qd3 0-0 11. Nd4 Qc7 12. b3 a6 13. Bb2 Rac8 14. Rac1 Rfd8 15. Rfe1 Qd7 16. Nxc6 Rxc6 17. h3 1/2-1/2

[Event "GER-ch U14"]
[Site "Willingen"]
[Date "2017.06.10"]
[Round "9"]
[White "Fidlin, Simon"]
[Black "Liebold, Aaron"]
[Result "0-1"]
[WhiteElo "1880"]
[BlackElo "1729"]
[PlyCount "66"]
[EventDate "2017.06.04"]
[EventType "swiss"]
[EventRounds "9"]
[EventCountry "GER"]
[SourceTitle "CBM 178 Extra"]
[Source "ChessBase"]
[SourceDate "2017.06.22"]
[SourceVersion "1"]
[SourceVersionDate "2017.06.22"]
[SourceQuality "1"]

1. e4 c5 2. Nf3 d6 3. d4 cxd4 4. Nxd4 Nf6 5. Nc3 a6 6. Be3 Qc7 7. Be2 e6 8. Qd2 Be7 9. 0-0-0 b5 10. Bf3 Bb7 11. a3 Nbd7 12. Rhe1 Ne5 13. Kb1 Nc4 14. Qd3 Nd7 15. Bd2 Nde5 16. Qe2 Rc8 17. Bh5 g6 18. Bg4 Bf6 19. Bh3 Nxb2 20. Ncxb5 axb5 21. Qxb5+ Nc6 22. Ba5 Nxd1 23. Bxc7 Nc3+ 24. Kc1 Nxb5 25. Nxb5 Rxc7 26. Nxc7+ Kd7 27. Nb5 Ba6 28. c4 Bxb5 29. cxb5 Nd4 30. a4 Ra8 31. Kd2 Rxa4 32. Rb1 Ra5 33. b6 Rb5 0-1

[Event "GER-ch U14"]
[Site "Willingen"]
[Date "2017.06.09"]
[Round "8"]
[White "Liebold, Aaron"]
[Black "Muehlpfordt, Thomas"]
[Result "1/2-1/2"]
[WhiteElo "1729"]
[BlackElo "1844"]
[PlyCount "83"]
[EventDate "2017.06.04"]
[EventType "swiss"]
[EventRounds "9"]
[EventCountry "GER"]
[SourceTitle "CBM 178 Extra"]
[Source "ChessBase"]
[SourceDate "2017.06.22"]
[SourceVersion "1"]
[SourceVersionDate "2017.06.22"]
[SourceQuality "1"]

1. e4 e5 2. Nf3 Nc6 3. Bc4 Nf6 4. d4 exd4 5. e5 d5 6. Bb5 Ne4 7. Nxd4 Bd7 8. Nxc6 bxc6 9. Bd3 Nc5 10. Be3 Nxd3+ 11. Qxd3 g6 12. 0-0 Qe7 13. Nc3 Bg7 14. Rae1 0-0 15. f4 Rfd8 16. Na4 Bf5 17. Qc3 Qe8 18. Bd4 Bf8 19. a3 h5 20. Nc5 Rab8 21. Nb3 Ra8 22. Rf2 Rdb8 23. Rfe2 Rb5 24. Nc5 Qe7 25. e6 fxe6 26. Nxe6 c5 27. Nxc5 Rxc5 28. Rxe7 Rxc3 29. bxc3 Bxe7 30. Rxe7 c6 31. Rc7 Bxc2 32. Rxc6 a5 33. Rd6 Be4 34. Rd7 Rb8 35. h4 Rb3 36. Rg7+ Kf8 37. Ra7 Rb1+ 38. Kf2 Rb2+ 39. Ke3 Rxg2 40. Rxa5 Rg3+ 41. Ke2 Rg4 42. Bf2 1/2-1/2

[Event "GER-ch U14"]
[Site "Willingen"]
[Date "2017.06.06"]
[Round "5"]
[White "Paeslack, Luis"]
[Black "Liebold, Aaron"]
[Result "1-0"]
[WhiteElo "1791"]
[BlackElo "1729"]
[PlyCount "51"]
[EventDate "2017.06.04"]
[EventType "swiss"]
[EventRounds "9"]
[EventCountry "GER"]
[SourceTitle "CBM 178 Extra"]
[Source "ChessBase"]
[SourceDate "2017.06.22"]
[SourceVersion "1"]
[SourceVersionDate "2017.06.22"]
[SourceQuality "1"]

1. d4 Nf6 2. Nf3 e6 3. Bg5 d5 4. e3 Be7 5. Bd3 b6 6. Nbd2 Bb7 7. Ne5 Nbd7 8. c3 Nxe5 9. dxe5 Nd7 10. Bf4 c5 11. Nf3 Qc7 12. 0-0 h6 13. h4 0-0-0 14. a4 Rdg8 15. Bh2 g5 16. hxg5 hxg5 17. g4 Rh3 18. Kg2 Rgh8 19. Bg3 c4 20. Bc2 f6 21. exf6 Bd6 22. Nxg5 Rh2+ 23. Bxh2 Rxh2+ 24. Kg1 Nxf6 25. Nxe6 Qd7 26. Bf5 1-0

[Event "GER-ch U14"]
[Site "Willingen"]
[Date "2017.06.04"]
[Round "2"]
[White "Liebold, Aaron"]
[Black "Wu, Luka"]
[Result "0-1"]
[WhiteElo "1729"]
[BlackElo "1920"]
[PlyCount "158"]
[EventDate "2017.06.04"]
[EventType "swiss"]
[EventRounds "9"]
[EventCountry "GER"]
[SourceTitle "CBM 178 Extra"]
[Source "ChessBase"]
[SourceDate "2017.06.22"]
[SourceVersion "1"]
[SourceVersionDate "2017.06.22"]
[SourceQuality "1"]

1. e4 c5 2. Nf3 d6 3. d4 cxd4 4. Nxd4 Nf6 5. Nc3 a6 6. a4 g6 7. Be2 Bg7 8. Be3 Nc6 9. f3 0-0 10. Qd2 Bd7 11. 0-0 Rc8 12. Nb3 Re8 13. a5 Be6 14. Bb6 Qd7 15. Nd4 Nxd4 16. Bxd4 Bc4 17. Rfe1 Qc6 18. Na4 Nd7 19. c3 Bb3 20. Bd1 Bxd1 21. Rexd1 Rcd8 22. Bxg7 Kxg7 23. Qd4+ Kg8 24. Ra3 Qc7 25. b4 Rc8 26. Raa1 Qc6 27. f4 Rc7 28. Rd3 Nf6 29. e5 dxe5 30. fxe5 Rd7 31. Qe3 Ng4 32. Qd2 Rxd3 33. Qxd3 Nxe5 34. Qd4 f6 35. Nc5 Nf7 36. Qd7 Qxd7 37. Nxd7 Nd6 38. Nc5 Kf7 39. Rd1 Rc8 40. Kf2 Rc7 41. Ke3 Rc6 42. Rd5 f5 43. Kd3 Kf6 44. c4 Kf7 45. b5 axb5 46. cxb5 Nxb5 47. Nxb7 Rc3+ 48. Kd2 Rb3 49. a6 Nc7 50. Ra5 Nxa6 51. Nd8+ Ke8 52. Nc6 Rb6 53. Ne5 e6 54. Nc4 Rc6 55. Ne5 Rd6+ 56. Kc3 Ke7 57. Nc4 Rc6 58. Rb5 Kf6 59. Rb7 Rc7 60. Rb6 Nc5 61. Kd4 Nd7 62. Ra6 Nb8 63. Rb6 Nc6+ 64. Kd3 Ne5+ 65. Nxe5 Kxe5 66. Rb5+ Kf6 67. Rb8 g5 68. g3 f4 69. Ke4 Rc4+ 70. Kf3 Rc3+ 71. Kg4 h5+ 72. Kxh5 fxg3 73. hxg3 Rxg3 74. Rg8 Kf5 75. Rf8+ Ke4 76. Rg8 e5 77. Ra8 Kf4 78. Rf8+ Ke3 79. Ra8 e4 0-1

[Event "GER-chT U12"]
[Site "Magdeburg"]
[Date "2016.12.29"]
[Round "5.1"]
[White "Jakob, Georg"]
[Black "Liebold, Aaron"]
[Result "1-0"]
[WhiteElo "1826"]
[BlackElo "1655"]
[PlyCount "67"]
[EventDate "2016.12.27"]
[EventType "team-swiss"]
[EventRounds "7"]
[EventCountry "GER"]
[SourceTitle "EXT 2018"]
[Source "ChessBase"]
[SourceDate "2017.10.13"]
[SourceVersion "1"]
[SourceVersionDate "2017.10.13"]
[SourceQuality "1"]
[WhiteTeam "Hohentuebingen"]
[BlackTeam "Gera"]
[WhiteTeamCountry "GER"]
[BlackTeamCountry "GER"]

1. e4 c5 2. Nf3 d6 3. d4 cxd4 4. Nxd4 Nf6 5. Nc3 Nc6 6. Be3 e6 7. Be2 Be7 8. f4 a6 9. Qd2 Qc7 10. 0-0-0 b5 11. e5 Nxd4 12. Bxd4 b4 13. exf6 bxc3 14. Bxc3 gxf6 15. Rhg1 Bb7 16. g4 Rf8 17. Bd3 h5 18. g5 f5 19. Qe2 d5 20. Rdf1 Bd6 21. Qd2 Bc5 22. Be5 Bd6 23. Bxd6 Qxd6 24. Qe2 Rh8 25. Bxf5 Kd7 26. Bd3 Rag8 27. h4 f5 28. gxf6 Rxg1 29. Rxg1 Qxf4+ 30. Kb1 Qxf6 31. Bxa6 Bxa6 32. Qxa6 Rf8 33. a3 Qd4 34. Rg7+ 1-0